[Event "Enniscrone Sligo-ch"]
[Site "Enniscrone"]
[Date "2024.02.04"]
[Round "5"]
[White "O'Connell, Denis"]
[Black "Mccarrick, Pat"]
[Result "0-1"]
[WhiteElo "1652"]
[BlackElo "1514"]
[PlyCount "124"]
[EventDate "2024.02.02"]
[EventType "swiss"]
[EventRounds "5"]
[EventCountry "IRL"]
[SourceTitle "CB08_2024"]
[SourceDate "2024.02.21"]
[SourceVersion "1"]
[SourceVersionDate "2024.02.21"]
[SourceQuality "1"]

1. e4 c5 2. c3 d6 3. d4 Nf6 4. Bd3 g6 5. Nf3 Bg7 6. 0-0 0-0 7. Re1 Nc6 8. d5 Nb8 9. Nbd2 Bg4 10. h3 Bh5 11. Nf1 Nbd7 12. Bf4 Qb6 13. Rb1 Bxf3 14. Qxf3 Nh5 15. Bh2 Ne5 16. Bxe5 Bxe5 17. Ne3 Bg7 18. Nc4 Qd8 19. Ne3 a6 20. Ng4 b5 21. e5 f5 22. exf6 Nxf6 23. Nxf6+ Bxf6 24. Qe4 Be5 25. Qg4 Rf6 26. Re4 Qf8 27. Rf1 c4 28. Bb1 Qf7 29. f4 Rf8 30. g3 Qxd5 31. Rd1 Qf7 32. h4 b4 33. h5 bxc3 34. bxc3 d5 35. Rxe5 e6 36. hxg6 hxg6 37. Rg5 Kg7 38. Re1 Rh8 39. Re2 Rh6 40. Rh2 Qa7+ 41. Rf2 Qe3 42. Qf3 Qa7 43. Kg2 Qb8 44. Bc2 Qh8 45. Qg4 Qh7 46. Rf1 Rh2+ 47. Kf3 Rxc2 48. Re5 Rxc3+ 49. Re3 Rxe3+ 50. Kxe3 Qh2 51. Rb1 Qc2 52. Rb7+ Rf7 53. Rb8 d4+ 54. Kxd4 Qd3+ 55. Kc5 Rc7+ 56. Kb6 Qd6+ 57. Ka5 Rc5+ 58. Ka4 Qxb8 59. Qxe6 Qb5+ 60. Ka3 Qa5+ 61. Kb2 Rb5+ 62. Ka1 Qc3# 0-1

[Event "Enniscrone Sligo-ch"]
[Site "Enniscrone"]
[Date "2024.02.03"]
[Round "3"]
[White "O'Connell, Denis"]
[Black "O Hanlon, Joseph"]
[Result "0-1"]
[WhiteElo "1652"]
[BlackElo "1591"]
[PlyCount "42"]
[EventDate "2024.02.02"]
[EventType "swiss"]
[EventRounds "5"]
[EventCountry "IRL"]
[SourceTitle "CB08_2024"]
[SourceDate "2024.02.21"]
[SourceVersion "1"]
[SourceVersionDate "2024.02.21"]
[SourceQuality "1"]

1. e4 e6 2. Nf3 d5 3. Nc3 d4 4. Ne2 c5 5. c3 Nc6 6. cxd4 Nf6 7. dxc5 Bxc5 8. Ng3 Qb6 9. d4 Nxd4 10. Nxd4 Bxd4 11. Qe2 0-0 12. Rb1 e5 13. h3 Be6 14. b3 Rfd8 15. Qf3 Rac8 16. Bd2 Rc2 17. Bd3 Rxa2 18. Ne2 Bxf2+ 19. Kd1 Bxb3+ 20. Kc1 Rc8+ 21. Bc3 Be3+ 0-1

[Event "Guernsey Holiday op 44th"]
[Site "Vale"]
[Date "2018.10.25"]
[Round "5"]
[White "Strade, Arita"]
[Black "O'Connell, Denis"]
[Result "1-0"]
[WhiteElo "1846"]
[BlackElo "1783"]
[PlyCount "105"]
[EventDate "2018.10.21"]
[EventType "swiss"]
[EventRounds "7"]
[EventCountry "GCI"]
[SourceTitle "EXT 2021"]
[Source "ChessBase"]
[SourceDate "2020.10.23"]
[SourceVersion "1"]
[SourceVersionDate "2020.10.23"]
[SourceQuality "1"]

1. e4 d5 2. exd5 Nf6 3. Be2 Nxd5 4. d4 g6 5. c4 Nf6 6. Nf3 Bg7 7. Nc3 0-0 8. 0-0 c6 9. h3 e6 10. Bg5 Qa5 11. Qc2 Nbd7 12. Bd2 Qc7 13. Rfe1 b6 14. Bd3 Re8 15. Ne5 Nxe5 16. dxe5 Nd7 17. f4 Nc5 18. Be2 a5 19. Be3 Bf8 20. Rad1 Bb7 21. a3 Red8 22. Kh2 Rxd1 23. Rxd1 Rd8 24. Rg1 Nd7 25. Ne4 Nxe5 26. fxe5 Qxe5+ 27. g3 f5 28. Bxb6 Rd7 29. Nf2 f4 30. Qe4 fxg3+ 31. Rxg3 Bd6 32. Qxe5 Bxe5 33. Bxa5 Bxg3+ 34. Kxg3 c5 35. Nd3 Bc8 36. Nxc5 Rd4 37. Bc3 Rd6 38. b4 Kf7 39. b5 e5 40. Bxe5 Rd2 41. Bf3 Be6 42. Nxe6 Kxe6 43. Bf4 Rb2 44. a4 Rb4 45. Bd5+ Kd7 46. a5 Rb3+ 47. Kh4 Rb4 48. a6 Ra4 49. Kg5 Ra3 50. b6 Rxa6 51. b7 h6+ 52. Kxh6 g5+ 53. Kxg5 1-0

[Event "Guernsey Holiday op 44th"]
[Site "Vale"]
[Date "2018.10.22"]
[Round "2"]
[White "O'Connell, Denis"]
[Black "Maurus, Mickey"]
[Result "1-0"]
[WhiteElo "1783"]
[BlackElo "1435"]
[PlyCount "135"]
[EventDate "2018.10.21"]
[EventType "swiss"]
[EventRounds "7"]
[EventCountry "GCI"]
[SourceTitle "EXT 2021"]
[Source "ChessBase"]
[SourceDate "2020.10.23"]
[SourceVersion "1"]
[SourceVersionDate "2020.10.23"]
[SourceQuality "1"]

1. e4 c6 2. Nc3 d5 3. Qf3 dxe4 4. Nxe4 Nd7 5. d4 Ngf6 6. Nxf6+ Nxf6 7. c3 e6 8. Qg3 Bd7 9. Bd3 g6 10. Bg5 Be7 11. Bh6 Qb6 12. b3 0-0-0 13. Ne2 Qc7 14. Qxc7+ Kxc7 15. Bf4+ Kc8 16. 0-0 Nh5 17. Be3 Bd6 18. a4 e5 19. dxe5 Bxe5 20. Bxa7 Nf4 21. Nxf4 Bxf4 22. Bb6 Bc7 23. Bxc7 Kxc7 24. Bc4 f6 25. Rad1 Bf5 26. Rfe1 Rd7 27. Rxd7+ Kxd7 28. f3 Kd6 29. g4 Bd7 30. Rd1+ Kc7 31. Kf2 Re8 32. Re1 Rxe1 33. Kxe1 Kd6 34. Ke2 Ke5 35. Ke3 f5 36. f4+ Kd6 37. g5 Be6 38. Bxe6 Kxe6 39. Kd4 Kd6 40. b4 Ke6 41. c4 Kd6 42. a5 Kd7 43. Kc5 Kc7 44. b5 cxb5 45. Kxb5 Kc8 46. Kb6 Kb8 47. a6 bxa6 48. Kxa6 Kc7 49. Kb5 Kb7 50. Kc5 Kc7 51. h3 Kd7 52. Kb6 Kc8 53. Kc6 Kd8 54. Kb7 Kd7 55. c5 Kd8 56. c6 Ke7 57. c7 Kd6 58. c8Q Kd5 59. Qe8 Kd4 60. Kc6 Kd3 61. Kc5 Kd2 62. Kc4 h6 63. gxh6 Kd1 64. Kc3 g5 65. h7 gxf4 66. h8Q f3 67. Qd4+ Kc1 68. Qe1# 1-0

[Event "Guernsey Holiday op 43rd"]
[Site "Guernsey"]
[Date "2017.10.19"]
[Round "5"]
[White "O'Connell, Denis"]
[Black "Stuart, Brian"]
[Result "1-0"]
[WhiteElo "1722"]
[BlackElo "1654"]
[PlyCount "87"]
[EventDate "2017.10.15"]
[EventType "swiss"]
[EventRounds "7"]
[EventCountry "GCI"]
[SourceTitle "EXT 2020"]
[Source "ChessBase"]
[SourceDate "2019.10.17"]
[SourceVersion "1"]
[SourceVersionDate "2019.10.17"]
[SourceQuality "1"]

1. e4 c5 2. b4 cxb4 3. a3 d5 4. exd5 Qxd5 5. Nf3 e5 6. Bb2 Nc6 7. c4 Qe6 8. Bd3 f6 9. 0-0 Qf7 10. Re1 Be6 11. Qc2 g6 12. c5 0-0-0 13. Be4 Nge7 14. axb4 Nxb4 15. Qa4 Nec6 16. Bc3 Bb3 17. Qa3 Nc2 18. Bxc2 Bxc2 19. Qb2 Bd3 20. Rc1 Qd5 21. Na3 Bxc5 22. Nc2 Bxc2 23. Qxc2 Bb6 24. Qa4 Kb8 25. Rcb1 Qc5 26. Rxb6 axb6 27. h3 Kc7 28. Qe4 Qd5 29. Qg4 Rhe8 30. Qh4 Qf7 31. Re1 Kb8 32. Ra1 Kc7 33. Re1 Rd7 34. Qa4 Rdd8 35. Qh4 Re7 36. Qa4 Qd5 37. Qh4 Rde8 38. Qxf6 Kc8 39. Ra1 Kb8 40. Qh4 Qd7 41. Rb1 Kc7 42. Ra1 Qf5 43. Qc4 Qf4 44. Bxe5+ 1-0

[Event "Guernsey Holiday op 43rd"]
[Site "Guernsey"]
[Date "2017.10.17"]
[Round "3"]
[White "O'Connell, Denis"]
[Black "Jongerius, Marc"]
[Result "1/2-1/2"]
[WhiteElo "1722"]
[BlackElo "1588"]
[PlyCount "129"]
[EventDate "2017.10.15"]
[EventType "swiss"]
[EventRounds "7"]
[EventCountry "GCI"]
[SourceTitle "EXT 2020"]
[Source "ChessBase"]
[SourceDate "2019.10.17"]
[SourceVersion "1"]
[SourceVersionDate "2019.10.17"]
[SourceQuality "1"]

1. e4 e5 2. d4 exd4 3. c3 d5 4. Qxd4 dxe4 5. Qxe4+ Be7 6. Bg5 Nd7 7. Bxe7 Qxe7 8. Nd2 Ndf6 9. Qxe7+ Nxe7 10. Ngf3 Bf5 11. Bc4 0-0 12. 0-0 Rad8 13. Rfe1 Nc6 14. Bb5 Nb8 15. Re7 Nd5 16. Re5 Bg6 17. Rae1 f6 18. Rxd5 Rxd5 19. Bc4 Bf7 20. Bxd5 Bxd5 21. c4 Bxf3 22. Nxf3 Nc6 23. Kf1 Kf7 24. Rd1 Rd8 25. Rxd8 Nxd8 26. Nd4 c6 27. Ke2 Ne6 28. Nf3 c5 29. Ke3 Ke7 30. Ke4 Kd6 31. g4 g6 32. h4 b6 33. Nd2 Nd4 34. f4 f5+ 35. gxf5 Nxf5 36. Nf3 h6 37. b3 Ke6 38. a3 a5 39. a4 Ng3+ 40. Ke3 Kf5 41. Ne5 Nh5 42. Nd3 Kg4 43. Ne5+ Kf5 44. Nf7 Kg4 45. Nxh6+ Kxh4 46. Ke4 Ng3+ 47. Ke5 Ne2 48. Nf7 Kg4 49. f5 gxf5 50. Nh6+ Kf3 51. Nxf5 Nc1 52. Kd5 Nxb3 53. Nd6 Ke3 54. Nc8 Kd3 55. Nxb6 Kc3 56. Kc6 Kb4 57. Kd5 Nd2 58. Nd7 Nxc4 59. Nxc5 Nb6+ 60. Kd4 Nxa4 61. Nxa4 Kxa4 62. Kc4 Ka3 63. Kc3 a4 64. Kc2 Ka2 65. Kc1 1/2-1/2

[Event "Guernsey Holiday op 41st"]
[Site "Guernsey"]
[Date "2015.10.21"]
[Round "4"]
[White "O'Connell, Denis"]
[Black "Baart, Edwin"]
[Result "0-1"]
[WhiteElo "1811"]
[BlackElo "1675"]
[PlyCount "84"]
[EventDate "2015.10.18"]
[EventType "swiss"]
[EventRounds "7"]
[EventCountry "GCI"]
[SourceTitle "EXT 2022"]
[Source "ChessBase"]
[SourceDate "2021.10.06"]
[SourceVersion "1"]
[SourceVersionDate "2021.10.06"]
[SourceQuality "1"]

1. e4 e5 2. d4 exd4 3. c3 d5 4. Qxd4 dxe4 5. Qxd8+ Kxd8 6. Be3 Be6 7. Nd2 Nf6 8. 0-0-0 Bd6 9. Nc4 Ke7 10. Nxd6 cxd6 11. Kb1 Nc6 12. Ne2 Ng4 13. h3 Nxe3 14. fxe3 f5 15. Nd4 h5 16. Be2 g6 17. Rhf1 Ne5 18. Nxe6 Kxe6 19. Rd4 Rhd8 20. Rfd1 Rac8 21. Rd5 Nc4 22. Bxc4 Rxc4 23. Kc2 Rd7 24. Kb3 Rc5 25. R5d4 d5 26. Kc2 a5 27. Rb1 b5 28. b4 axb4 29. Rdxb4 Ra7 30. R1b2 Ra3 31. R4b3 Rxb3 32. Rxb3 Ke5 33. Kd2 f4 34. exf4+ Kxf4 35. g3+ Ke5 36. Ke3 g5 37. a3 Rxc3+ 38. Rxc3 d4+ 39. Kd2 dxc3+ 40. Kxc3 Kd5 41. h4 g4 42. Kd2 Kd4 0-1

[Event "Guernsey Holiday op 40th"]
[Site "Guernsey"]
[Date "2014.10.24"]
[Round "6"]
[White "Bateman, Kerry"]
[Black "O'Connell, Denis"]
[Result "0-1"]
[WhiteElo "1717"]
[BlackElo "1628"]
[PlyCount "44"]
[EventDate "2014.10.19"]
[EventType "swiss"]
[EventRounds "7"]
[EventCountry "GCI"]
[SourceTitle "EXT 2022"]
[Source "ChessBase"]
[SourceDate "2021.10.06"]
[SourceVersion "1"]
[SourceVersionDate "2021.10.06"]
[SourceQuality "1"]

1. e4 d5 2. exd5 Nf6 3. Bb5+ Nbd7 4. Nf3 a6 5. Ba4 b5 6. Bb3 Nc5 7. d6 Nxb3 8. dxc7 Qxc7 9. axb3 Bg4 10. 0-0 e6 11. d4 Bd6 12. g3 Qc6 13. Kg2 h5 14. Qd3 h4 15. Nbd2 hxg3 16. Re1 Rxh2+ 17. Kf1 g2+ 18. Ke2 Rh1 19. Ne4 Qxe4+ 20. Qxe4 Nxe4 21. Be3 Rxe1+ 22. Rxe1 Bh2 0-1

[Event "Guernsey Holiday op 40th"]
[Site "Guernsey"]
[Date "2014.10.20"]
[Round "2"]
[White "Cook, Chris RD"]
[Black "O'Connell, Denis"]
[Result "0-1"]
[WhiteElo "1765"]
[BlackElo "1628"]
[PlyCount "160"]
[EventDate "2014.10.19"]
[EventType "swiss"]
[EventRounds "7"]
[EventCountry "GCI"]
[SourceTitle "EXT 2022"]
[Source "ChessBase"]
[SourceDate "2021.10.06"]
[SourceVersion "1"]
[SourceVersionDate "2021.10.06"]
[SourceQuality "1"]

1. c4 e5 2. g3 Nc6 3. Bg2 f5 4. e3 Nf6 5. Ne2 d5 6. cxd5 Nb4 7. Qb3 e4 8. 0-0 Qxd5 9. Nbc3 Qxb3 10. axb3 c6 11. f3 exf3 12. Bxf3 Bd6 13. e4 fxe4 14. Nxe4 Nxe4 15. Bxe4 Be6 16. d4 Bxb3 17. Ra3 Bd5 18. Re3 0-0-0 19. Bf5+ Kb8 20. Nc3 Bc4 21. Rfe1 g6 22. Bb1 Nd5 23. Nxd5 Bxd5 24. Bd2 Rhf8 25. Be4 Bxe4 26. Rxe4 Rf7 27. Kg2 Kc7 28. R1e2 Rdd7 29. Bg5 Rf5 30. Bd2 Rdf7 31. Bc3 Rb5 32. Rc2 Kd7 33. Bd2 Rb3 34. Bg5 Rf5 35. Bh6 Rfb5 36. Ree2 Rd3 37. Bg7 Rf5 38. Bh8 Rf7 39. Re4 Re7 40. Rg4 Rde3 41. Kf2 R3e4 42. Rg5 Rf7+ 43. Kg2 Re8 44. Be5 Bxe5 45. dxe5 Ke6 46. Rd2 Rd7 47. Rf2 Rd5 48. h4 Re7 49. h5 Rxe5 50. Rxe5+ Kxe5 51. hxg6 hxg6 52. Kh3 Ke6 53. Kg4 Rf7 54. Rd2 Rf5 55. Re2+ Kd7 56. Rd2+ Rd5 57. Rf2 Ke7 58. Re2+ Kf6 59. Rf2+ Rf5 60. Rd2 Rb5 61. Rf2+ Kg7 62. Rd2 Kh6 63. Rh2+ Rh5 64. Rd2 Rg5+ 65. Kf4 Rb5 66. Rh2+ Kg7 67. Rd2 a5 68. g4 Rb4+ 69. Kg5 Rb5+ 70. Kf4 g5+ 71. Ke4 Kf6 72. Rf2+ Ke6 73. Rg2 Rb4+ 74. Kd3 Kd5 75. Kc3 Rc4+ 76. Kd3 Rf4 77. Rg3 c5 78. Kc3 b5 79. Rd3+ Rd4 80. Rg3 c4 0-1

[Event "Guernsey Holiday op 39th"]
[Site "Guernsey"]
[Date "2013.10.26"]
[Round "7"]
[White "O'Connell, Denis"]
[Black "Stanners, Michael J"]
[Result "1-0"]
[WhiteElo "1488"]
[BlackElo "1640"]
[PlyCount "55"]
[EventDate "2013.10.20"]
[EventType "swiss"]
[EventRounds "7"]
[EventCountry "GCI"]
[SourceTitle "EXT 2022"]
[Source "ChessBase"]
[SourceDate "2021.10.06"]
[SourceVersion "1"]
[SourceVersionDate "2021.10.06"]
[SourceQuality "1"]

1. e4 d6 2. d4 Nf6 3. Nc3 c6 4. f4 Qa5 5. Bd3 e5 6. Nf3 Bg4 7. Be3 Na6 8. 0-0 exf4 9. Bxf4 Be7 10. Kh1 0-0 11. Qe1 Nb4 12. Ne2 Qb6 13. Qg3 Nxd3 14. cxd3 Bxf3 15. Qxf3 Qd8 16. g4 Nd7 17. Ng3 Nb6 18. Rf2 Bg5 19. Nf5 Bxf4 20. Qxf4 d5 21. e5 Nc8 22. Rg1 Qd7 23. Qg5 f6 24. exf6 Rxf6 25. Re1 Rg6 26. Qf4 Rf6 27. g5 Rf8 28. Nh6+ 1-0

[Event "Guernsey Holiday op 39th"]
[Site "Guernsey"]
[Date "2013.10.21"]
[Round "2"]
[White "O'Connell, Denis"]
[Black "Gunn, Michael J"]
[Result "1-0"]
[WhiteElo "1488"]
[BlackElo "1680"]
[PlyCount "61"]
[EventDate "2013.10.20"]
[EventType "swiss"]
[EventRounds "7"]
[EventCountry "GCI"]
[SourceTitle "EXT 2022"]
[Source "ChessBase"]
[SourceDate "2021.10.06"]
[SourceVersion "1"]
[SourceVersionDate "2021.10.06"]
[SourceQuality "1"]

1. e4 e6 2. Nf3 d5 3. Nc3 Nf6 4. e5 Nfd7 5. d4 c5 6. dxc5 Bxc5 7. Bd3 Nc6 8. Bf4 Qb6 9. 0-0 Qxb2 10. Nb5 Qb4 11. Bd2 Qg4 12. Nc7+ Kd8 13. Nxa8 f6 14. h3 Qh5 15. exf6 gxf6 16. Nh2 Qf7 17. Ng4 b6 18. Nh6 Qe7 19. Qh5 Nce5 20. Bf4 Bb7 21. Nc7 Kxc7 22. Rae1 Kc8 23. Bb5 Rf8 24. Qe2 d4 25. Ba6 Qg7 26. Bxb7+ Kxb7 27. Qe4+ Kc7 28. Ng4 f5 29. Bxe5+ Nxe5 30. Qxe5+ Qxe5 31. Nxe5 1-0

[Event "Gibraltar Challengers-B"]
[Site "Gibraltar"]
[Date "2009.02.05"]
[Round "5"]
[White "O'Connell, Denis"]
[Black "Bishop, Geoffrey L"]
[Result "1-0"]
[WhiteElo "1698"]
[BlackElo "1838"]
[PlyCount "73"]
[EventDate "2009.02.01"]
[EventType "swiss"]
[EventRounds "5"]
[EventCountry "ENG"]
[SourceTitle "EXT 2012"]
[Source "ChessBase"]
[SourceDate "2011.11.24"]
[SourceVersion "1"]
[SourceVersionDate "2011.11.24"]
[SourceQuality "1"]

1. e4 c5 2. b4 cxb4 3. a3 d5 4. exd5 Qxd5 5. Nf3 Bg4 6. axb4 Bxf3 7. Qxf3 Qxf3 8. gxf3 e6 9. b5 Nf6 10. Nc3 Nbd7 11. Bg2 Bc5 12. Na4 Bd4 13. c3 Bc5 14. d4 Be7 15. f4 Nd5 16. 0-0 Rc8 17. Bd2 N7f6 18. Bf3 0-0 19. Rfc1 Bd6 20. Nc5 Bxf4 21. Bxf4 Nxf4 22. Nxb7 N6d5 23. c4 Ne7 24. Rxa7 Nf5 25. Kf1 Nxd4 26. Nd6 Rcd8 27. Nb7 Nxf3 28. Nxd8 Rxd8 29. b6 Ne5 30. b7 Nc6 31. Ra8 Nb8 32. c5 Nd5 33. c6 Nc7 34. Ke1 Kf8 35. Rd1 Re8 36. Rd7 Nxc6 37. Rxc7 1-0

[Event "Guernsey Holiday op"]
[Site "Guernsey"]
[Date "2008.10.22"]
[Round "4"]
[White "Carrick, Peter"]
[Black "O'Connell, Denis"]
[Result "0-1"]
[WhiteElo "1272"]
[BlackElo "1586"]
[PlyCount "64"]
[EventDate "2008.10.19"]
[EventType "swiss"]
[EventRounds "7"]
[EventCountry "GCI"]
[SourceTitle "EXT 2011"]
[Source "ChessBase"]
[SourceDate "2010.11.26"]
[SourceVersion "1"]
[SourceVersionDate "2010.11.26"]
[SourceQuality "1"]

1. d4 e5 2. dxe5 d6 3. e4 Nc6 4. Bb5 Bd7 5. Nf3 dxe5 6. 0-0 Bd6 7. Nc3 Nf6 8. b3 a6 9. Bxc6 Bxc6 10. Nd2 Qe7 11. Bb2 0-0-0 12. Qe2 g5 13. Nc4 Bc5 14. Rad1 h5 15. Rxd8+ Rxd8 16. h3 Qe6 17. Kh1 g4 18. Nd1 gxh3 19. Rg1 Bxe4 20. Nde3 hxg2+ 21. Kh2 Bxe3 22. Nxe3 Ng4+ 23. Nxg4 Qxg4 24. Qxg4+ hxg4 25. Bxe5 Rd5 26. Bf6 Rh5+ 27. Kg3 Rh3+ 28. Kxg4 Rh1 29. f3 Rxg1 30. fxe4 Rf1 31. Bd4 g1Q+ 32. Bxg1 Rxg1+ 0-1

[Event "Guernsey Holiday op"]
[Site "Guernsey"]
[Date "2008.10.20"]
[Round "2"]
[White "Norman, Dinah M"]
[Black "O'Connell, Denis"]
[Result "1/2-1/2"]
[WhiteElo "1656"]
[BlackElo "1586"]
[PlyCount "112"]
[EventDate "2008.10.19"]
[EventType "swiss"]
[EventRounds "7"]
[EventCountry "GCI"]
[SourceTitle "EXT 2011"]
[Source "ChessBase"]
[SourceDate "2010.11.26"]
[SourceVersion "1"]
[SourceVersionDate "2010.11.26"]
[SourceQuality "1"]

1. d4 e5 2. dxe5 d6 3. Nf3 Bg4 4. Nbd2 Nc6 5. exd6 Bxd6 6. c3 Qe7 7. Qa4 Nf6 8. Nd4 Bd7 9. Nxc6 Bxc6 10. Qc2 0-0-0 11. Nc4 Bc5 12. Be3 Bxe3 13. Nxe3 g6 14. Rd1 Be4 15. Qa4 Rxd1+ 16. Nxd1 a6 17. e3 Rd8 18. Be2 Bxg2 19. Rg1 Bc6 20. Qb4 Qe5 21. f4 Qd5 22. c4 Qe4 23. Qc3 Rd6 24. b3 Qb1 25. h4 Be4 26. c5 Rc6 27. h5 Kb8 28. hxg6 fxg6 29. Rg5 Bf5 30. Qd4 Qxa2 31. Bf3 Re6 32. Qd8+ Ka7 33. Qxc7 Qxb3 34. c6 Rxe3+ 35. Nxe3 Qxe3+ 36. Be2 Qc1+ 37. Bd1 Qc3+ 38. Kf1 Bd3+ 39. Be2 Qc1+ 40. Kg2 Be4+ 41. Bf3 Bxf3+ 42. Kxf3 Qxc6+ 43. Qxc6 bxc6 44. f5 gxf5 45. Rxf5 Nd5 46. Rf7+ Kb6 47. Rxh7 Kb5 48. Rh5 Kc4 49. Rh6 Kc5 50. Ke4 a5 51. Kd3 Kb5 52. Kc2 c5 53. Rh5 Nb4+ 54. Kb2 Nd3+ 55. Ka3 a4 56. Rg5 Ka5 1/2-1/2